<?xml version="1.0" encoding="utf-8"?>
<?xml-stylesheet type='text/xsl' href='./oai2.xsl'?>
<OAI-PMH xmlns="http://www.openarchives.org/OAI/2.0/" xmlns:xsi="http://www.w3.org/2001/XMLSchema-instance" xsi:schemaLocation="http://www.openarchives.org/OAI/2.0/ http://www.openarchives.org/OAI/2.0/OAI-PMH.xsd">
  <responseDate>2026-06-06T21:54:52Z</responseDate>
  <request verb="GetRecord" metadataPrefix="marcxml" identifier="record_kuniweb_1295079">https://kulturerbe.niedersachsen.de/oai</request>
  <GetRecord>
    <record>
      <header>
        <identifier>record_kuniweb_1295079</identifier>
        <datestamp>2018-08-17T07:05:05Z</datestamp>
        <setSpec>slg0207</setSpec>
      </header>
      <metadata>
        <marc:record xmlns:marc="http://www.loc.gov/MARC21/slim" xsi:schemaLocation="http://www.loc.gov/MARC21/slim http://www.loc.gov/standards/marcxml/schema/MARC21slim.xsd">
          <marc:leader>12345nrm  22     uu 4500</marc:leader>
          <marc:controlfield tag="001">1295079</marc:controlfield>
          <marc:controlfield tag="003">http://kuniweb.gbv.de</marc:controlfield>
          <marc:controlfield tag="005">2018-03-16T10:33:37</marc:controlfield>
          <marc:controlfield tag="008">|           ||||||||||||||||||||||</marc:controlfield>
          <marc:datafield tag="245" ind1="1" ind2="0">
            <marc:subfield code="a">Epitaph</marc:subfield>
          </marc:datafield>
          <marc:datafield tag="655" ind1=" " ind2="7">
            <marc:subfield code="a">Alltagskultur</marc:subfield>
          </marc:datafield>
          <marc:datafield tag="046" ind1=" " ind2=" ">
            <marc:subfield code="k">1594</marc:subfield>
            <marc:subfield code="k">1594</marc:subfield>
          </marc:datafield>
          <marc:datafield tag="260" ind1=" " ind2=" ">
            <marc:subfield code="g">1594</marc:subfield>
            <marc:subfield code="g">1594</marc:subfield>
          </marc:datafield>
          <marc:datafield tag="300" ind1=" " ind2=" ">
            <marc:subfield code="a">Höhe: 117 cm
Breite: 51,8 cm
Tiefe: 4,5 cm (Sims)</marc:subfield>
          </marc:datafield>
          <marc:datafield tag="520" ind1=" " ind2=" ">
            <marc:subfield code="a">Rechteeckiges Epitaph mit dachartiger Bekrönung und geschweiftem Unterteil. Auf der Bekrönung ein Engelskopf. Die Tafel ist durch Leisten in drei Flächen unterteilt. In der mittleren Darstellung Christus am Kreuz. Darüber und darunter Text in goldfarbenen Großbuchstaben:
I(ESVS) . N(AZARENVS) . R(EX) - I(VDAEORUM)
IOHANNES ANTONII NASCITVR NORTHEIMIAE / VIII IDVS APRILIS, ANNO A NATO CHRISTO1569. OBIIT / VERO IN CHRISTO VIRGINEI PARTVS 1594 IN IPSO DIE BEATI / THOMAE APOSTLI .

MORTVVS EST CHRSTO, CHRISTO NAM / VIXERAT ANTE / FELICES DOMINO QUI DIDICERE MORI. (Inventarisation und Lampe 2016, Nr. 187)

Aufschrift:
I(ESVS) . N(AZARENVS) . R(EX) - I(VDAEORUM) IOHANNES ANTONII NASCITVR NORTHEIMIAE / VIII IDVS APRILIS, ANNO A NATO CHRISTO1569. OBIIT / VERO IN CHRISTO VIRGINEI PARTVS 1594 IN IPSO DIE BEATI / THOMAE APOSTLI . MORTVVS EST CHRSTO, CHRISTO NAM / VIXERAT ANTE / FELICES DOMINO QUI DIDICERE MORI. (Kapitalis / schräg liegende Kapitalis)

Verwendungszweck:
Gedenken

Gebrauchsort:
Northeim (Niedersachsen)

Veröffentlicht in:
J. H. Lampe, „Die Inschriften des Landkreises Northeim. Die deutschen Inschriften ; 96. Band : Göttinger Reihe ; 17. Band“. Dr. Ludwig Reichert Verlag, Wiesbaden, 2016. (Seite 279f. Nr. 187; Abb. 66.)</marc:subfield>
          </marc:datafield>
          <marc:datafield tag="650" ind1="1" ind2=" ">
            <marc:subfield code="a">Ölmalerei</marc:subfield>
          </marc:datafield>
          <marc:datafield tag="650" ind1="1" ind2=" ">
            <marc:subfield code="a">Epitaph</marc:subfield>
          </marc:datafield>
          <marc:datafield tag="650" ind1="1" ind2=" ">
            <marc:subfield code="a">Epitaph</marc:subfield>
          </marc:datafield>
          <marc:datafield tag="773" ind1="0" ind2=" ">
            <marc:subfield code="t">Stadtgeschichte</marc:subfield>
          </marc:datafield>
          <marc:datafield tag="852" ind1=" " ind2=" ">
            <marc:subfield code="a">Heimatmuseum Northeim</marc:subfield>
          </marc:datafield>
          <marc:datafield tag="" ind1=" " ind2=" ">
            <marc:subfield code="a">Namensnennung 4.0 International (CC BY 4.0)</marc:subfield>
          </marc:datafield>
        </marc:record>
      </metadata>
    </record>
  </GetRecord>
</OAI-PMH>
